| 000 | 00377nam a22001697a 4500 | ||
|---|---|---|---|
| 005 | 20260402132019.0 | ||
| 008 | 160627b xxu||||| |||| 00| 0 eng d | ||
| 020 | _a0-14-302780-8 | ||
| 041 | _aeng | ||
| 082 | _a823.912 | ||
| 100 |
_aAnand, Mulk Raj _92953 |
||
| 245 | _aUntouchable | ||
| 260 |
_bPenguin India _c2001 |
||
| 300 | _a148 | ||
| 650 | _aManagement | ||
| 942 | _cBK | ||
| 999 |
_c4268 _d4267 |
||